Interesting debts (Record no. 76490)
[ view plain ]
| 000 -LEADER | |
|---|---|
| fixed length control field | 01079cab a2200205 4500 |
| 001 - CONTROL NUMBER | |
| control field | ##L132555 |
| 008 - FIXED-LENGTH DATA ELEMENTS--GENERAL INFORMATION | |
| fixed length control field | 060217n2006 000 0 eng u |
| 035 ## - SYSTEM CONTROL NUMBER | |
| System control number | (Sirsi) u132555 |
| 041 0# - LANGUAGE CODE | |
| Language code of text/sound track or separate title | eng |
| 100 1# - MAIN ENTRY--PERSONAL NAME | |
| Personal name | O'Brien, Cheryl |
| 245 #0 - TITLE STATEMENT | |
| Title | Interesting debts |
| 260 ## - PUBLICATION, DISTRIBUTION, ETC. | |
| Date of publication, distribution, etc. | 2006 |
| 490 #0 - SERIES STATEMENT | |
| Series statement | Estate Agent |
| Volume/sequential designation | January/February 2006, 21(1) |
| 520 ## - SUMMARY, ETC. | |
| Summary, etc. | Provides a briefing on the changes to the late payment legislation enacted by the Late Payment of Commercial Debt Regulation Act 2002 which took effect from 1 November 2002. The Act extended the right to claim interest on late payment of commercial debt to all businesses and introduced compensation charges. Suggests that although there is a general awareness of the Act there is some reluctance to use it in practice in case customer relationships are damaged. Recommends using the Act as an integral part of business terms. |
| 590 ## - LOCAL NOTE (RLIN) | |
| Local note | IKA280206 |
| 650 24 - SUBJECT ADDED ENTRY--TOPICAL TERM | |
| Topical term or geographic name entry element | LATE PAYMENT OF COMMERCIAL DEBT REGULATION ACT 2002 |
| 690 ## - LOCAL SUBJECT ADDED ENTRY--TOPICAL TERM (OCLC, RLIN) | |
| Topical term or geographic name as entry element | MANAGEMENT-BUSINESS MANAGEMENT-FINANCIAL MANAGEMENT |
| 700 1# - ADDED ENTRY--PERSONAL NAME | |
| Personal name | Lees, Jayne |
| 942 ## - ADDED ENTRY ELEMENTS (KOHA) | |
| Suppress in OPAC | 0 |
| Withdrawn status | Lost status | Source of classification or shelving scheme | Damaged status | Not for loan | Home library | Current library | Shelving location | Date acquired | Total Checkouts | Full call number | Barcode | Date last seen | Copy number | Price effective from | Koha item type |
|---|---|---|---|---|---|---|---|---|---|---|---|---|---|---|---|
| Dewey Decimal Classification | London | London | Journal article | 17/02/2006 | L132555 | 132555-1001 | 06/08/2019 | 1 | 06/08/2019 | Journal article |